000 01085nac a2200301 a 4500
003 CO-PeBPM
005 20260422105517.0
007 ta
008 231129s2009||||xx |||||||||||||| ||spa||
020 _a9589777392
040 _bspa
_aCO-PeBPM
_cCO-PeBPM
_erda
082 _a(i) 591.68 R696an
_222
100 1 _aRodrí­guez Lucho
_eautor
245 1 0 _aAnimales en extinción, Colombia. Región del Caribe
_c/ Ilustraciones y textos de Lucho Rodríguez
260 _c2009
264 _aBogotá, Colombia
_b: Ediciones B
_c, 2006
300 _a[28] páginas
_c23 cm.
336 _2rdacontent
_atexto
_btxt
337 _2rdamedia
_asin mediación
_bn
338 _2rdacarrier
_avolumen
_bnc
490 _aAnimales en vías de extinción. Iguana
500 _aIncluye índice y glosario al final del texto
650 1 7 _aAnimales - Colombia
_2LEMB
650 1 7 _aConservación de la vida silvestre - Colombia
_2LEMB
650 1 7 _aAnimales en extinción -- Colombia
_2LEMB
700 1 _aRodríguez, Lucho
_eilustraciones
942 _2ddc
_cBK
_n0
999 _c107334
_d107334